000 01275nam a22002897a 4500
003 PE SENCICO BE
005 20251020182650.0
008 240126b |||||||| |||| 00| 0 eng d
040 _aPE SENCICO BE
_cPE SENCICO BE
041 _aspa
084 _aI
_aDIS
_a2017
_bJ54
100 1 _91904
_aJiménez Chil, Karla Liliana
_eautor
245 1 _aInvestigación y diseño de una clínica dental /
_cKarla Liliana Jiménez Chil
246 _aRemodelación clínica dental Carpio
260 _aLima :
_c2017
300 _a56 h. :
_bil. col. ;
_c30 cm.
500 _aTexto en dos volúmenes. El volumen 2 contiene planos (30 x 40 cm.).
502 _aMonografía de Titulación.-- Servicio Nacional de Capacitación para la Industria de la Construcción. Escuela Superior Técnica. Carrera Profesional Técnica en Diseño de Interiores, 2017
505 0 _av. 1: Investigación y diseño de una clínica dental -- v. 2: Remodelación clínica dental Carpio
650 1 0 _944
_aDiseño de interiores
650 2 0 _91905
_aClínicas dentales
650 2 0 _99
_aEspacios interiores
650 2 0 _9615
_aPlanos
710 1 _aServicio Nacional de Capacitación para la Industria de la Construcción.
_bEscuela Superior Técnica
_91065
910 _bhfp
_chfp
942 _cMON
_2ddc
999 _c4525
_d4525